Wei shi yao wo men cuo liao : Jiating jiao yu jing dian anli fen xi. (Chinese)

Bibliographic Details
Main Author: Hong Zhou
Format: Book
Published: Lanzhou : Lanzhou da xue chu ban she , 2004
Subjects:

MARC

LEADER 00000cam a2200000 7i4500
001 0000073372
005 20170531.0
008 170531
020 |a 9787311019310 
090 0 0 |a 649.1   |b HON 
100 1 |a Hong Zhou 
245 0 0 |a Wei shi yao wo men cuo liao : Jiating jiao yu jing dian anli fen xi. (Chinese)   |c Hong Zhou 
260 |a Lanzhou :   |b Lanzhou da xue chu ban she ,   |c 2004 
300 |a 200p. ;   |c 21cm. 
541 0 0 |c Donation books 
650 0 |a Child rearing 
650 0 |a Parent & child 
650 0 |a Parenting 
999 |a 0001458817   |b Book   |c Chinese Collection   |e Cawangan AEON Kulaijaya